000
00253nam a2200085Ia 4500
008
170620s9999 xx 000 0 und d
100
_a
Siddiqui- Mujibul Hasan
245
0
_a
Distance Education- Theory and Research
260
_b
New Delhi- A.P.H. Publishing corporation
260
_c
2006
999
_c
24322
_d
24322